000 00287nam a22001337a 4500
008 170930b xxu||||| |||| 00| 0 eng d
020 _a9781617400254
041 _aeng
080 _a37
100 _a47
101 _aEDU
245 _aTHE ENGAGED CITIZEN
_cGRINER, V
942 _2udc
_cBK
999 _c30957
_d30957